000 01076nam a2200253 a 4500
001 000006258
005 20260202103257.0
008 090827s1986 dr 001 0 spa d
040 _aDO-SdBNP
_bspa
_cBNPHU
082 _a377.8
_bI43r
110 2 _aUniversidad Tecnológica de Santiago UTESA
_917473
245 1 3 _aLa influencia de la religión en el desarrollo educativo dominicano /
_cpresentado por: Rosario Olio de Regalado, Norma Reyes de Checo, Carmen Pérez de Rodríguez, William Genaro López.
260 _aSantiago de los Caballeros :
_bUTESA,
_c1986.
300 _a223 p. ;
_c21 cm.
500 _aTrabajo presentado como requisito para obtener el grado de master en ciencias de la educación
505 2 _aIncluye índice.
505 2 _aIncluye nota de contenido.
650 4 _aEducación católica
_zRepública Dominicana
_917474
650 0 _aIglesia y educación
_917475
700 1 _aOlivo de Regalado, Rosario
_917476
700 1 _aReyes de Checo, Norma
_917477
700 1 _aPérez de Rodríguez, Carmen
_917478
700 1 _aGenaro López, William
_917479
999 _c6053
_d6053